|
|
|
|
| LEADER |
00000nab#a22000007a#4500 |
| 001 |
arbauad033386 |
| 003 |
AR-BaUAD |
| 005 |
20250711112657.0 |
| 008 |
981007|||||||||###||||||b###|0###a|spa|| |
| 040 |
|
|
|a AR-BaUAD
|c AR-BaUAD
|b spa
|
| 245 |
1 |
0 |
|a Exhibit
|
| 300 |
0 |
|
|b fot.
|
| 500 |
|
|
|a Sección de la revista con muestras de trabajos seleccionados en diversos campos de la comunicación.
|
| 653 |
|
|
|a DISEÑO GRAFICO
|
| 653 |
|
|
|a CAMPAÑAS
|
| 653 |
|
|
|a AFICHES
|
| 653 |
|
|
|a STANDS
|
| 653 |
|
|
|a TRIDIMENSION
|
| 653 |
|
|
|a PUESTA EN PAGINA
|
| 653 |
|
|
|a IDENTIFICACION VISUAL
|
| 653 |
|
|
|a IMAGEN CORPORATIVA
|
| 653 |
|
|
|a CATALOGOS
|
| 653 |
|
|
|a PACKAGING
|
| 653 |
|
|
|a CORTOS PUBLICITARIOS
|
| 653 |
|
|
|a AVISOS
|
| 653 |
|
|
|a ANIMACION
|
| 653 |
|
|
|a 3D
|
| 773 |
0 |
|
|t COMMUNICATION ARTS
|g no. 283 [set.-oct 1998], p. 100-114
|
| 942 |
|
|
|c ARTI
|
| 952 |
|
|
|0 0
|1 0
|4 0
|7 0
|9 78305
|a AR-BAuAD
|b AR-BAuAD
|d 2025-07-11
|l 0
|p AAQA033386
|r 2025-07-11 11:26:57
|w 2025-07-11
|y ARTI
|
| 990 |
|
|
|a DG199
|b TD
|
| 998 |
|
|
|a AAQ
|b BIBUN76
|
| 999 |
|
|
|c 57978
|d 57978
|